000 01104cam a22003254a 4500
001 14813711
003 OSt
005 20170227141945.0
008 070419s2008 maua b 001 0 eng
010 _a 2007927195
020 _a9780618794195 (student ed.)
020 _a0618794190 (student ed.)
020 _a9780618833580 (exam copy)
020 _a0618833587 (exam copy)
040 _aDLC
_cDLC
_dDLC
050 0 0 _aHF5549
_b.D4364 2008
082 0 0 _a658.3
_222
100 1 _aDeNisi, Angelo.
245 1 0 _aHuman resource management /
_cAngelo W. DeNisi, Ricky W. Griffin.
250 _aEd. 3.
260 _aBoston :
_bHoughton Mifflin Co.,
_cc2008.
300 _axxvi, 550 p. :
_bill. (some col.) ;
_c27 cm.
504 _aIncludes bibliographical references (p. 506-523) and indexes.
650 0 _aPersonnel management.
700 1 _aGriffin, Ricky W.
856 4 1 _3Table of contents only
_uhttp://www.loc.gov/catdir/toc/fy0805/2007927195.html
906 _a7
_bcbc
_corignew
_d2
_eepcn
_f20
_gy-gencatlg
942 _2lcc
_cBK
999 _c255811
_d255810